000 00502nam a2200181 4500
003 SEACOMEC
005 20260414112608.0
008 260414b |||||||| |||| 00| 0 eng d
020 _a978-93-55381-24-8
040 _aSEACOMEC
082 _a512
_bG231
100 _aGarg, Reena
245 _aগণিত-১ Mathematics-I (Calculus and Linear Algebra) For Computer Science Engineering Branches
_cReena Garg
260 _anew Delhi
_bKhanna
_c2025
300 _a451
650 _aMath
942 _cGBK
999 _c2658
_d2658